000 00267nam a2200121Ia 4500
008 190216s9999||||xx |||||||||||||| ||und||
100 _aSakaria P P
245 0 _aMacro Economics
260 _bVrindavan Pub
_c1992
300 _a368
650 _aEconomics
942 _cBK
999 _c9893
_d9893